LEADER 01236nam--2200397---450- 001 990000712450203316 010 $a88-386-0758-3 035 $a0071245 035 $aUSA010071245 035 $a(ALEPH)000071245USA01 035 $a0071245 100 $a20011031d1998----km-y0itay0103----ba 101 $aita 102 $aIT 105 $a||||||||001yy 200 1 $aMicroelettronica$fRichard C. Jaeger 210 $aMilano$cJackson$dc1998 215 $aXVII, 1050 p.$cll.$d25 cm 225 2 $aCollana di istruzione scientifica$iSerie di elettronica 312 $aMicroelectronic circuit design 410 $12001$aCollana di istruzione scientifica$iSerie di elettronica 454 $12001$aMicroelectronic circuit design$9986433 606 0 $aMicroelettronica 676 $a621.3981 700 1$aJAEGER,$bRichard C.$028080 801 0$aIT$bsalbc$gISBD 912 $a990000712450203316 951 $a621.381 5 JAE$b11822 ING$c621.381 5 959 $aBK 969 $aTEC 979 $aPATTY$b90$c20011031$lUSA01$h0944 979 $aPATTY$b90$c20011031$lUSA01$h0944 979 $c20020403$lUSA01$h1720 979 $aPATRY$b90$c20040406$lUSA01$h1649 996 $aMicroelectronic circuit design$9986433 997 $aUNISA LEADER 02317nam0 2200457 i 450 001 UBO2661546 005 20251003044422.0 010 $a8814115192 020 $aIT$b2006-430 100 $a20130827d2005 ||||0itac50 ba 101 | $aita$cita 102 $ait 181 1$6z01$ai $bxxxe 182 1$6z01$an 183 1$6z01$anc$2RDAcarrier 200 1 $aDiritti sociali e servizio sociale$edalla dimensione nazionale a quella comunitaria$fa cura di Pasquale Costanzo e Silvana Mordeglia 210 $aMilano$cGiuffrè$d[2005] 215 $aXIII, 495 p.$d24 cm 225 | $aCollana di monografie $v83 300 $aAtti della Giornata di studi tenuta a Genova nel 2004 300 $aSegue: Appendice normativa e di documentazione. 410 0$1001CFI0165467$12001 $aCollana di monografie $v83$171201$aUniversità degli studi di Genova$b : Facoltà di giurisprudenza$3CFIV017654 500 11$aDiritti sociali e servizio sociale$3BVE0920063$9753490 606 $aAssistenza sociale$xLegislazione$2FIR$3CFIC013489$9I 676 $a344$9LEGISLAZIONE SOCIALE$v12 676 $a344.03$9DIRITTO DEL LAVORO, DIRITTO IN MATERIA DI SERVIZIO SOCIALE, DI EDUCAZIONE, DI CULTURA - Servizio sociale$v14 676 $a344.4503$9DIRITTO IN MATERIA DI SERVIZIO SOCIALE. ITALIA$v21 696 $aServizio sociale$aAssistenza sociale privata$aAssistenza sociale pubblica 699 $aAssistenza sociale$yServizio sociale 699 $aAssistenza sociale$yAssistenza sociale privata 699 $aAssistenza sociale$yAssistenza sociale pubblica 702 1$aCostanzo$b, Pasquale$f <1948- >$3CFIV031056$4340 702 1$aMordeglia$b, Silvana$3TO0V534879$4340 801 3$aIT$bIT-000000$c20130827 850 $aIT-BN0095 901 $bNAP 01$cPOZZO LIB.$nVi sono collocati fondi di economia, periodici di ingegneria e scienze, periodici di economia e statistica e altri fondi comprendenti documenti di economia pervenuti in dono. 912 $aUBO2661546 950 0$aBiblioteca Centralizzata di Ateneo$c1 v.$d 01POZZO LIB.ECON MON 351$e 0101 0000198235E VMA 1 v. precedente collocazione sez. DASES B 0421$fB $h20080715$i20080715 977 $a 01 996 $aDiritti sociali e servizio sociale$9753490 997 $aUNISANNIO